Central Library OPAC University of Rajshahi

Writing research papers : (Record no. 77007)

MARC details
000 -LEADER
fixed length control field 00867cam a2200301 i 4500
001 - CONTROL NUMBER
control field 77007
003 - CONTROL NUMBER IDENTIFIER
rucl marc code BD-RjUL
005 - DATE AND TIME OF LATEST TRANSACTION
control field 20211209082921.0
008 - FIXED-LENGTH DATA ELEMENTS--GENERAL INFORMATION
fixed length control field 200213s1980 ilu b 001 0 eng
020 ## - INTERNATIONAL STANDARD BOOK NUMBER
International Standard Book Number 0673153274
035 ## - SYSTEM CONTROL NUMBER
System control number (BD-RjUL)77231
040 ## - CATALOGING SOURCE
Original cataloging agency DLC
Transcribing agency DLC
Modifying agency DLC
Language of cataloging eng
041 ## - LANGUAGE CODE
Language code of text/sound track or separate title eng
082 00 - DEWEY DECIMAL CLASSIFICATION NUMBER
Classification number 808.02
Edition number 23
Author mark and year LEW 1980
100 1# - MAIN ENTRY--PERSONAL NAME
Personal name Lester, James D.,
Dates associated with a name 1935-2006.
9 (RLIN) 239312
245 10 - TITLE STATEMENT
Title Writing research papers :
Remainder of title a complete guide /
Statement of responsibility, etc. James D. Lester.
250 ## - EDITION STATEMENT
Edition statement 3d ed.
260 ## - PUBLICATION, DISTRIBUTION, ETC. (IMPRINT)
Place of publication, distribution, etc. Glenview, Ill. :
Name of publisher, distributor, etc. Scott, Foresman,
Date of publication, distribution, etc. c1980.
300 ## - PHYSICAL DESCRIPTION
Pagination 207 p. ;
Size 23 cm.
500 ## - GENERAL NOTE
General note Includes index.
504 ## - BIBLIOGRAPHY, ETC. NOTE
Bibliography, etc Bibliography: p. [168]-196.
650 #0 - SUBJECT ADDED ENTRY--TOPICAL TERM
Topical term or geographic name as entry element Report writing.
9 (RLIN) 239313
Topical term or geographic name as entry element Research.
9 (RLIN) 239314
906 ## - LOCAL DATA ELEMENT F, LDF (RLIN)
a 7
b cbc
c orignew
d 1
e ocip
f 19
g y-gencatlg
942 ## - ADDED ENTRY ELEMENTS (KOHA)
Source of classification or shelving scheme Dewey Decimal Classification
Koha item type Books
Holdings
Lost status Source of classification or shelving scheme Damaged status Not for loan Collection code Permanent Location Current Location Shelving location Date acquired Total Checkouts Full call number Date last seen Copy number Koha item type
  Dewey Decimal Classification   Not For Loan Non-fiction Central Library, University of Rajshahi Central Library, University of Rajshahi Reading Room 21/07/1987   808.02 LEW 1980 13/02/2020 C-1 Books